000
00333nam a2200133Ia 4500
008
240624s9999 xx 000 0 und d
041
_a
eng
082
_a
158 DAV
100
_a
DAVIS DARRYL
245
_a
HOW TO DESIGN A LIFE WORTH
260
_c
2014
_a
New Delhi
_b
Tata McGraw-Hill
300
_a
232 : p. : cm. ; 24
365
_c
RS
_b
33
999
_c
26217
_d
26217